| 000 | 00533nam a2200169 i 4500 | ||
|---|---|---|---|
| 001 | 68934 | ||
| 003 | ES-MaACL | ||
| 005 | 20230906170409.0 | ||
| 007 | t| | ||
| 008 | 040805s1969 sp ||||1| spa d | ||
| 100 | 1 |
_aHellings, S. J. _962451 |
|
| 245 | 1 | 0 |
_aRadar _b: principios generales y aplicaciones / _cpor S. J. Hellings ; [Traducido por J. Sánchez Solera]. |
| 260 |
_aMadrid : _bParaninfo, _c1969. |
||
| 300 |
_a203 p. : [8] lám. ; _c22 cm. |
||
| 700 | 1 |
_aSánchez Solera, J. _9102941 |
|
| 852 |
_aES-MaACL _jC-36455 _bR.69936 |
||
| 999 |
_c68934 _d68934 |
||